000
00263nam a22001217a 4500
041
_a
ENG
100
_a
Vermillion ,D,L
245
_a
Transfer Of Ittigation Management Services
260
_a
Rome
_b
FAO
_c
1999
300
_a
98
650
_a
FAO
856
_u
FAO (01)
999
_c
2387
_d
2387